000 00307nam a22001337a 4500
008 181121b xxu||||| |||| 00| 0 eng d
020 _a9780323265416
041 _aeng
080 _27 TH
_a610
100 _a3
101 _aSHM
245 _aPhysical Examination Assessment
_cJarvis.p
942 _2udc
_cBK
999 _c52284
_d52284